La pena del Talion (Record no. 165079)

MARC details
000 -LEADER
campo de control de longitud fija 01235nam a22002295i 4500
001 - NÚMERO DE CONTROL
campo de control 165079
003 - IDENTIFICADOR DE NÚMERO DE CONTROL
campo de control ES-MaACL
005 - FECHA Y HORA DE LA ÚLTIMA TRANSACCIÓN
campo de control 20250824064420.0
008 - DATOS DE LONGITUD FIJA--INFORMACIÓN GENERAL
campo de control de longitud fija 000207s1847 sp |||| | spa d
040 ## - FUENTE DE CATALOGACIÓN
Centro catalogador/agencia de origen CAM
Lengua de catalogación spa
Centro/agencia transcriptor CAM
100 0# - ENTRADA PRINCIPAL--NOMBRE DE PERSONA
Nombre de persona Scribe, Eugène.
9 (RLIN) 104966
245 13 - MENCIÓN DEL TÍTULO
Título La pena del Talion
Resto del título : comedia en un acto /
Mención de responsabilidad, etc. escrita en francés por Scribe ; y arreglada a la escena española por Ramon de Navarrete.
260 ## - PUBLICACIÓN, DISTRIBUCIÓN, ETC.
Lugar de publicación, distribución, etc. Madrid :
Nombre del editor, distribuidor, etc. [s.n.],
Fecha de publicación, distribución, etc. 1847 (
Fabricante Imprenta de Antonio Yenes)
300 ## - DESCRIPCIÓN FÍSICA
Extensión 36 p. ;
Dimensiones 17 cm.
490 1# - MENCIÓN DE SERIE
Mención de serie Galería dramática : colección de las mejores obras del teatro antiguo y moderno español y del estrangero por los principales autores
500 ## - NOTA GENERAL
Nota general En port.: Estrenada en el teatro del Príncipe el 1º de junio de 1847.
598 ## - NOTA LOCAL
Nota local Mención de serie tomada de la cub.
700 1# - ENTRADA AGREGADA--NOMBRE PERSONAL
Nombre de persona Navarrete, Ramón de,
Fechas asociadas al nombre 1818-1897
9 (RLIN) 85042
830 00 - PUNTO DE ACCESO ADICIONAL DE SERIE-TÍTULO UNIFORME
Título uniforme Galería dramática: colección de las mejores obras del teatro antiguo y moderno español y estrangero por los principales autores
9 (RLIN) 242028
852 ## - LOCALIZACIÓN
Ubicación ES-MaACL
Número de control de estantería F-8642(4)
Nota libre -- Enc. hol., falto de la cub. original
-- -- Enc. en un vol. facticio formando parte de la col. facticia "Teatro español moderno" v. 99
Holdings
Estatus retirado Estado de pérdida Estado de daño No para préstamo Colección Biblioteca de origen Biblioteca actual Ubicación en estantería Fecha de adquisición Total de préstamos Signatura topográfica completa Código de barras Visto por última vez Precio de reemplazo Tipo de ítem Koha
        Libros del s. XIX Biblioteca del Ateneo de Madrid Biblioteca del Ateneo de Madrid Sala Pecera Planta 2 17/01/2008   F-8642(4) 1173086 23/02/2023 23/02/2023 Libro impreso antiguo